Common Diseases - Neurology - Statistics

General Stats
  • This quiz has been taken 190 times
    174 since last reset
  • The average score is 7 of 52
Answer Stats
Topic Answers % Correct
Dementia Alzheimer's disease
87%
Basal Ganglia Parkinson's Disease
69%
Headache Migraine
60%
Cerebro-vascular Stroke and TIA
60%
Nerves Multiple Sclerosis
50%
Neuron (Motor) Amyotrophic Lateral Sclerosis
44%
Dementia Huntington's disease/Chorea
29%
Dementia Vascular Dementia
26%
Infection Encephalitis
23%
Headache Cluster Headache
20%
Dementia Frontotemporal Dementia
19%
Peripheral Neuropathies Diabetic Neuropathy
17%
Dementia Lewy body Dementia
17%
Brain Circuitry Seizure
15%
Cerebro-vascular Subdural & Epidural Hematoma
12%
Nerves Guillain-Barré Syndrome
11%
Cerebro-vascular Sub-arachnoid Hemorrhage
11%
Peripheral Neuropathies 7th Cranial Nerve Palsy
10%
Dizziness Benign Positional Vertigo
10%
Dementia Creutzfeldt-Jakob disease
10%
Infection Lyme Disease
8%
Dizziness Meniere's disease
8%
Infection Pneumococcus
8%
Peripheral Neuropathies Trigeminal Neuralgia
8%
Peripheral Neuropathies Carpal Tunnel Syndrome
6%
Cerebro-vascular Intracerebral Hemorrhage
6%
Nerves Myasthenia Gravis
6%
Dementia Normal Pressure Hydrocephalus
6%
Infection Viral Meningitis
5%
Infection (Brain Abscess) Neurocysticercosis
4%
Spine Syringomyelia
4%
Spine Brown-Sequard Syndrome
3%
Infection (Brain Abscess) Progressive Multifocal Leukoencephalopathy
3%
Dizziness Acoustic Neuroma
2%
Infection Cryptococcus
2%
Headache Temporal Arteritis
2%
Dizziness Vestibular Neuritis
2%
Dizziness Wernicke-Korsakoff syndrome
2%
Spine Cord compression
1%
Infection Neisseria Meningitidis
1%
Dizziness Perilymph fistula
1%
Peripheral Neuropathies Radial Nerve Palsy
1%
Spine Spinal Stenosis
1%
Infection TB Meningitis
1%
Spine Anterior Spinal Artery Infarction
0%
Infection Listeria
0%
Peripheral Neuropathies Peroneal Nerve Palsy
0%
Headache Pseudomotor Cerebri
0%
Peripheral Neuropathies Reflex Sympathetic Dystrophy
0%
Peripheral Neuropathies Restless Leg Syndrome
0%
Infection Rocky Mountain Spotted Fever
0%
Spine Spinal Epidural Abscess
0%
No matching quizzes found
Score Distribution
Percent of People with Each Score
Percentile by Number Answered
Your Score History
You have not taken this quiz since the last reset